Elektronická komunikácia malých a stredných podnikov

Trendy podnikových informačných systémov. Celková využívanosť služieb a využívanie e- služieb verejnej správy. Projekt OPIS (Operačného programu informatizácie spoločnosti) - súčasný stav. Poskytovanie elektronických služieb verejnej správy podnikom. Metodika výskumu elektronickej komunikácie. Skúma...

Ausführliche Beschreibung

Gespeichert in:
Bibliographische Detailangaben
1. Verfasser: Vlk, Gabriel
Format: Buchkapitel
Sprache:Slowakisch
Schlagworte:
Tags: Tag hinzufügen
Keine Tags, Fügen Sie das erste Tag hinzu!

MARC

LEADER 00000nla a2200000 4500
001 0190531
005 20240502073215.0
041 0 |a slo 
044 |a SK 
245 1 0 |a Elektronická komunikácia malých a stredných podnikov  |c Gabriel Vlk 
520 |a Trendy podnikových informačných systémov. Celková využívanosť služieb a využívanie e- služieb verejnej správy. Projekt OPIS (Operačného programu informatizácie spoločnosti) - súčasný stav. Poskytovanie elektronických služieb verejnej správy podnikom. Metodika výskumu elektronickej komunikácie. Skúmanie závislosti elektronickej komunikácie a veľkosti podniku. 
610 2 0 |a systémy informačné podnikové 
610 2 0 |a veľkosť podnikov 
610 2 0 |a komunikácia elektronická 
610 2 0 |a správa verejná 
610 2 0 |a správa verejná elektronická 
610 2 0 |a služby elektronické 
100 1 |a Vlk, Gabriel